000 00509nam a2200181Ia 4500
001 11537
005 20260306162835.0
008 260306t2012||||xx |||||||||||||| ||spa||
041 _aESP
082 _a985.072
_bH31
100 _aHeaney, Christopher
_eAUT
245 0 _aLas tumbas de Machu Picchu:
_bla historia de Hiran Bingham y la búsqueda de las últimas ciudades de los incas
260 _c2012
300 _a335 páginas :
_c24 cm.
650 _aGEN
654 _aCHU
942 _cLIB
_dJUS
_fJUS
_2ddc
_n
999 _c11537
_d11537